000 00551nam a22001577a 4500
005 20120505134623.0
020 _a8176461091
_c250.00
035 _aA-996372
037 _aDPL
_bENG
100 _aSinha, S.P.
_946506
245 _aIndia sits on AIDS bomb /
_cby S.P. Sinha
260 _aDelhi
_bB.R. Publishing Corporation
_c1999
300 _aix, 106p.
_c20 cms.
942 _2ddc
_cEN
_h362.1969792
_mSIN
999 _c66232
_d66232